[Event "Turniej Przyjazni Polsko-Wegierskiej"]
[Site "Katowice"]
[Date "2018.05.05"]
[Round "8.12"]
[White "Bartel, Michal"]
[Black "Raszka, Janusz"]
[Result "1-0"]
[BlackElo "2125"]
[WhiteElo "2320"]
[LiveChessVersion "1.4.8"]

1. e4 {[%clk 0:15:19]} e6 {[%clk 0:15:15]} 2. f4 {[%clk 0:15:26]} c5
{[%clk 0:15:14]} 3. Nf3 {[%clk 0:15:31]} a6 {[%clk 0:15:17]} 4. c3
{[%clk 0:15:14]} d5 {[%clk 0:14:41]} 5. e5 {[%clk 0:15:22]} d4 {[%clk 0:14:46]}
6. Bd3 {[%clk 0:15:30]} Nc6 {[%clk 0:14:47]} 7. O-O {[%clk 0:15:35]} b5
{[%clk 0:14:53]} 8. a4 {[%clk 0:15:35]} Rb8 {[%clk 0:14:21]} 9. axb5
{[%clk 0:15:43]} axb5 {[%clk 0:14:29]} 10. Na3 {[%clk 0:14:36]} Ba6
{[%clk 0:13:47]} 11. Ng5 {[%clk 0:14:07]} Be7 {[%clk 0:12:02]} 12. Be4
{[%clk 0:12:32]} Qc7 {[%clk 0:11:19]} 13. Nc2 {[%clk 0:11:54]} Bb7
{[%clk 0:11:04]} 14. Qg4 {[%clk 0:10:21]} Nh6 {[%clk 0:10:32]} 15. Qh5
{[%clk 0:10:21]} Bxg5 {[%clk 0:10:06]} 16. Qxg5 {[%clk 0:10:24]} O-O
{[%clk 0:09:55]} 17. d3 {[%clk 0:10:28]} f5 {[%clk 0:09:27]} 18. exf6
{[%clk 0:10:31]} Rxf6 {[%clk 0:09:35]} 19. Qxc5 {[%clk 0:10:37]} dxc3
{[%clk 0:09:22]} 20. bxc3 {[%clk 0:10:46]} Nf5 {[%clk 0:08:17]} 21. Nb4
{[%clk 0:10:45]} Rc8 {[%clk 0:07:55]} 22. Qxb5 {[%clk 0:10:35]} Nd6
{[%clk 0:07:44]} 23. Qc5 {[%clk 0:10:23]} Nxe4 {[%clk 0:07:40]} 24. dxe4
{[%clk 0:10:32]} Nxb4 {[%clk 0:07:43]} 25. Qxb4 {[%clk 0:10:39]} Qc6
{[%clk 0:07:23]} 26. Re1 {[%clk 0:10:26]} Rff8 {[%clk 0:05:35]} 27. Ra7
{[%clk 0:09:50]} Rf7 {[%clk 0:05:43]} 28. Bd2 {[%clk 0:09:37]} Rd7
{[%clk 0:05:47]} 29. Re2 {[%clk 0:09:29]} Ba6 {[%clk 0:05:40]} 30. Rxd7
{[%clk 0:09:36]} Qxd7 {[%clk 0:05:48]} 31. Rf2 {[%clk 0:09:41]} Rd8
{[%clk 0:05:48]} 32. h3 {[%clk 0:09:41]} Bb7 {[%clk 0:05:46]} 33. Be3
{[%clk 0:09:37]} Qc6 {[%clk 0:05:54]} 34. Bd4 {[%clk 0:09:10]} Re8
{[%clk 0:05:09]} 35. Re2 {[%clk 0:09:19]} Qa6 {[%clk 0:05:10]} 36. Re3
{[%clk 0:09:26]} Qa8 {[%clk 0:05:03]} 37. Be5 {[%clk 0:09:26]} Qa6
{[%clk 0:04:41]} 38. Kh2 {[%clk 0:09:31]} h6 {[%clk 0:04:50]} 39. Rg3
{[%clk 0:09:37]} g5 {[%clk 0:04:47]} 40. fxg5 {[%clk 0:09:43]} h5
{[%clk 0:04:53]} 41. g6 {[%clk 0:09:44]} Qc6 {[%clk 0:04:51]} 42. Rg5
{[%clk 0:09:07]} Qxe4 {[%clk 0:04:51]} 43. Qxe4 {[%clk 0:09:15]} Bxe4
{[%clk 0:05:00]} 44. g7 {[%clk 0:09:24]} Bh7 {[%clk 0:04:18]} 45. Rxh5
{[%clk 0:09:31]} Rc8 {[%clk 0:04:16]} 46. Bd4 {[%clk 0:09:33]} Rd8
{[%clk 0:04:02]} 47. Kg3 {[%clk 0:09:37]} Rd7 {[%clk 0:04:01]} 48. Kf4
{[%clk 0:09:41]} 1-0

[Event "Turniej Przyjazni Polsko-Wegierskiej"]
[Site "Katowice"]
[Date "2018.05.05"]
[Round "8.13"]
[White "Antolak, Julia"]
[Black "Lewtak, Damian"]
[Result "0-1"]
[BlackElo "2285"]
[WhiteElo "2085"]
[LiveChessVersion "1.4.8"]

1. e4 {[%clk 0:15:18]} c5 {[%clk 0:15:15]} 2. Nf3 {[%clk 0:15:26]} Nf6
{[%clk 0:15:14]} 3. Nc3 {[%clk 0:14:20]} Nc6 {[%clk 0:15:22]} 4. d4
{[%clk 0:14:25]} d5 {[%clk 0:15:30]} 5. exd5 {[%clk 0:13:36]} Nxd5
{[%clk 0:15:38]} 6. Nxd5 {[%clk 0:13:33]} Qxd5 {[%clk 0:15:45]} 7. dxc5
{[%clk 0:12:42]} Qxc5 {[%clk 0:15:36]} 8. h3 {[%clk 0:12:21]} e5 {[%clk 0:14:06]}
9. c3 {[%clk 0:12:05]} Qb6 {[%clk 0:12:28]} 10. Bc4 {[%clk 0:11:16]} Be7
{[%clk 0:11:58]} 11. O-O {[%clk 0:10:43]} O-O {[%clk 0:11:29]} 12. b4
{[%clk 0:09:04]} e4 {[%clk 0:10:45]} 13. Ng5 {[%clk 0:08:05]} Bxg5
{[%clk 0:10:36]} 14. Bxg5 {[%clk 0:08:13]} Ne5 {[%clk 0:10:38]} 15. Bd5
{[%clk 0:07:26]} Qg6 {[%clk 0:10:44]} 16. Bf4 {[%clk 0:06:10]} Bxh3
{[%clk 0:10:39]} 17. Bg3 {[%clk 0:06:18]} Bg4 {[%clk 0:07:19]} 18. Qd4
{[%clk 0:04:19]} Nf3+ {[%clk 0:07:23]} 19. gxf3 {[%clk 0:04:27]} Bxf3
{[%clk 0:07:31]} 20. Qe5 {[%clk 0:04:23]} Rae8 {[%clk 0:06:33]} 21. Qf4
{[%clk 0:04:23]} Qh5 {[%clk 0:06:32]} 0-1

[Event "Turniej Przyjazni Polsko-Wegierskiej"]
[Site "Katowice"]
[Date "2018.05.05"]
[Round "8.14"]
[White "Kyc, Jerzy"]
[Black "Widla, Piotr"]
[Result "1-0"]
[BlackElo "2076"]
[WhiteElo "2267"]
[LiveChessVersion "1.4.8"]

1. e4 {[%clk 0:15:19]} c5 {[%clk 0:15:19]} 2. Nf3 {[%clk 0:15:28]} Nc6
{[%clk 0:15:24]} 3. d4 {[%clk 0:15:37]} cxd4 {[%clk 0:15:33]} 4. Nxd4
{[%clk 0:15:46]} Qb6 {[%clk 0:15:42]} 5. Nb3 {[%clk 0:15:54]} Nf6
{[%clk 0:15:42]} 6. Nc3 {[%clk 0:16:02]} e6 {[%clk 0:15:52]} 7. Be3
{[%clk 0:16:11]} Qc7 {[%clk 0:15:59]} 8. a3 {[%clk 0:15:35]} a6 {[%clk 0:15:48]}
9. f4 {[%clk 0:15:09]} d6 {[%clk 0:15:54]} 10. Be2 {[%clk 0:13:41]} b5
{[%clk 0:16:03]} 11. O-O {[%clk 0:13:39]} Bb7 {[%clk 0:16:11]} 12. Bf3
{[%clk 0:13:11]} Be7 {[%clk 0:16:19]} 13. Qe1 {[%clk 0:12:54]} O-O
{[%clk 0:16:23]} 14. g4 {[%clk 0:12:25]} Rfe8 {[%clk 0:16:07]} 15. g5
{[%clk 0:12:23]} Nd7 {[%clk 0:16:16]} 16. Bg2 {[%clk 0:12:02]} g6
{[%clk 0:14:52]} 17. h4 {[%clk 0:11:12]} Bf8 {[%clk 0:14:51]} 18. h5
{[%clk 0:10:19]} Bg7 {[%clk 0:13:51]} 19. f5 {[%clk 0:09:47]} exf5
{[%clk 0:14:00]} 20. Nd5 {[%clk 0:09:18]} Qd8 {[%clk 0:13:51]} 21. exf5
{[%clk 0:08:48]} gxf5 {[%clk 0:13:22]} 22. Qf2 {[%clk 0:08:00]} Nde5
{[%clk 0:07:51]} 23. Qxf5 {[%clk 0:06:33]} Bc8 {[%clk 0:08:01]} 24. Qf4
{[%clk 0:06:21]} Be6 {[%clk 0:07:17]} 25. Bb6 {[%clk 0:05:44]} Qb8
{[%clk 0:05:15]} 26. Bc7 {[%clk 0:02:55]} Bxd5 {[%clk 0:04:08]} 27. Bxb8
{[%clk 0:02:54]} Bxg2 {[%clk 0:04:18]} 28. Bxd6 {[%clk 0:01:14]} Bxf1
{[%clk 0:04:26]} 29. Rxf1 {[%clk 0:01:22]} Rad8 {[%clk 0:04:34]} 30. Bc5
{[%clk 0:01:08]} Rd5 {[%clk 0:04:18]} 31. c3 {[%clk 0:00:51]} Nd8
{[%clk 0:03:21]} 32. Qe4 {[%clk 0:00:33]} Nf3+ {[%clk 0:02:50]} 33. Qxf3
{[%clk 0:00:39]} Rxg5+ {[%clk 0:03:00]} 34. Kh1 {[%clk 0:00:46]} Ree5
{[%clk 0:03:09]} 35. Be3 {[%clk 0:00:21]} Rxh5+ {[%clk 0:03:14]} 36. Kg2
{[%clk 0:00:31]} Ne6 {[%clk 0:02:08]} 37. Qxf7+ {[%clk 0:00:38]} Kh8
{[%clk 0:02:03]} 38. Qe8+ {[%clk 0:00:47]} Bf8 {[%clk 0:01:57]} 39. Rxf8+
{[%clk 0:00:56]} Kg7 {[%clk 0:02:06]} 40. Qf7# {[%clk 0:01:04]} 1-0

[Event "Turniej Przyjazni Polsko-Wegierskiej"]
[Site "Katowice"]
[Date "2018.05.05"]
[Round "8.15"]
[White "Koziol, Kamil"]
[Black "Jarmula, Lukasz"]
[Result "1-0"]
[BlackElo "2222"]
[WhiteElo "2063"]
[LiveChessVersion "1.4.8"]

1. d4 {[%clk 0:15:19]} Nf6 {[%clk 0:15:18]} 2. c4 {[%clk 0:15:27]} e6
{[%clk 0:15:27]} 3. Nc3 {[%clk 0:15:33]} Bb4 {[%clk 0:15:34]} 4. Qc2
{[%clk 0:15:38]} O-O {[%clk 0:15:38]} 5. Bg5 {[%clk 0:15:10]} c5 {[%clk 0:14:56]}
6. e3 {[%clk 0:13:20]} h6 {[%clk 0:14:34]} 7. Bxf6 {[%clk 0:12:46]} Qxf6
{[%clk 0:14:41]} 8. a3 {[%clk 0:12:51]} cxd4 {[%clk 0:13:53]} 9. axb4
{[%clk 0:08:04]} dxc3 {[%clk 0:14:01]} 10. Qxc3 {[%clk 0:08:12]} d6
{[%clk 0:12:57]} 11. Be2 {[%clk 0:06:09]} Qe7 {[%clk 0:11:46]} 12. Nf3
{[%clk 0:06:09]} b6 {[%clk 0:11:43]} 13. O-O {[%clk 0:06:14]} Bb7
{[%clk 0:11:50]} 14. Rfd1 {[%clk 0:06:10]} Rd8 {[%clk 0:11:29]} 15. Nd4
{[%clk 0:05:15]} Nd7 {[%clk 0:10:14]} 16. Bf3 {[%clk 0:04:52]} Bxf3
{[%clk 0:09:51]} 17. Nxf3 {[%clk 0:04:51]} Nf6 {[%clk 0:09:41]} 18. Qd4
{[%clk 0:03:16]} e5 {[%clk 0:09:16]} 19. Qc3 {[%clk 0:02:48]} Rac8
{[%clk 0:09:20]} 20. b3 {[%clk 0:02:40]} b5 {[%clk 0:06:00]} 21. Nd2
{[%clk 0:02:05]} Nd5 {[%clk 0:05:46]} 22. Qb2 {[%clk 0:02:14]} Nxb4
{[%clk 0:05:42]} 23. cxb5 {[%clk 0:02:09]} Rc2 {[%clk 0:04:06]} 24. Qa3
{[%clk 0:01:57]} Nd3 {[%clk 0:03:48]} 25. Ne4 {[%clk 0:01:00]} f5
{[%clk 0:03:12]} 26. b4 {[%clk 0:00:32]} fxe4 {[%clk 0:01:51]} 27. Qb3+
{[%clk 0:00:41]} d5 {[%clk 0:01:39]} 28. Qxc2 {[%clk 0:00:50]} Nxb4
{[%clk 0:01:35]} 29. Qa4 {[%clk 0:00:48]} Rf8 {[%clk 0:00:35]} 30. Qxa7
{[%clk 0:00:23]} Qh4 {[%clk 0:00:25]} 31. Rd2 {[%clk 0:00:18]} Nd3
{[%clk 0:00:33]} 32. b6 {[%clk 0:00:15]} Nxf2 {[%clk 0:00:18]} 33. b7
{[%clk 0:00:14]} Ng4 {[%clk 0:00:15]} 34. g3 {[%clk 0:00:17]} Qd8
{[%clk 0:00:18]} 35. Rc2 {[%clk 0:00:17]} Kh7 {[%clk 0:00:14]} 36. Rc8
{[%clk 0:00:19]} Qf6 {[%clk 0:00:21]} 37. Rxf8 {[%clk 0:00:25]} Qxf8
{[%clk 0:00:29]} 38. Rf1 {[%clk 0:00:32]} Qb4 {[%clk 0:00:17]} 39. b8=Q
{[%clk 0:00:39]} Qd2 {[%clk 0:00:25]} 40. Qxg7+ {[%clk 0:00:47]} Kxg7
{[%clk 0:00:34]} 41. Qf8+ {[%clk 0:00:56]} Kg6 {[%clk 0:00:42]} 42. Qf7+
{[%clk 0:01:05]} Kg5 {[%clk 0:00:49]} 43. h4# {[%clk 0:01:14]} 1-0

[Event "Turniej Przyjazni Polsko-Wegierskiej"]
[Site "Katowice"]
[Date "2018.05.05"]
[Round "8.16"]
[White "Madrawski, Krzysztof"]
[Black "Gumula, Daniel"]
[Result "1-0"]
[BlackElo "2207"]
[WhiteElo "2023"]
[LiveChessVersion "1.4.8"]

1. Nf3 {[%clk 0:15:16]} e6 {[%clk 0:14:00]} 2. c4 {[%clk 0:15:16]} f5
{[%clk 0:14:06]} 3. b3 {[%clk 0:15:19]} Nf6 {[%clk 0:14:13]} 4. Bb2
{[%clk 0:15:26]} b6 {[%clk 0:14:13]} 5. g3 {[%clk 0:15:32]} Bb7 {[%clk 0:14:21]}
6. Bg2 {[%clk 0:15:39]} Be7 {[%clk 0:14:07]} 7. O-O {[%clk 0:15:20]} O-O
{[%clk 0:14:15]} 8. d4 {[%clk 0:15:10]} a5 {[%clk 0:12:10]} 9. Nc3
{[%clk 0:14:48]} Na6 {[%clk 0:11:53]} 10. d5 {[%clk 0:13:16]} Bb4
{[%clk 0:10:52]} 11. Nd4 {[%clk 0:11:28]} Nc5 {[%clk 0:10:06]} 12. Ncb5
{[%clk 0:10:31]} Na6 {[%clk 0:08:34]} 13. dxe6 {[%clk 0:10:13]} Bxg2
{[%clk 0:08:39]} 14. Kxg2 {[%clk 0:10:21]} Qe7 {[%clk 0:07:29]} 15. exd7
{[%clk 0:10:08]} Qxd7 {[%clk 0:07:06]} 16. Qd3 {[%clk 0:09:08]} c6
{[%clk 0:06:40]} 17. Na3 {[%clk 0:08:46]} Ne4 {[%clk 0:05:32]} 18. Rad1
{[%clk 0:08:04]} Rae8 {[%clk 0:03:47]} 19. Nb1 {[%clk 0:06:17]} Qb7
{[%clk 0:03:00]} 20. f3 {[%clk 0:05:59]} Nd6 {[%clk 0:00:28]} 21. a3
{[%clk 0:05:36]} Bc5 {[%clk 0:00:38]} 22. Nc3 {[%clk 0:05:36]} f4
{[%clk 0:00:29]} 23. Na4 {[%clk 0:04:20]} Re3 {[%clk 0:00:16]} 24. Qc2
{[%clk 0:04:21]} Qe7 {[%clk 0:00:20]} 25. Rf2 {[%clk 0:03:48]} Rc8 26. Nxc5
{[%clk 0:03:29]} Nxc5 {[%clk 0:00:16]} 27. Bc1 {[%clk 0:03:18]} b5
{[%clk 0:00:13]} 28. Bxe3 {[%clk 0:03:15]} fxe3 {[%clk 0:00:22]} 29. Rff1
{[%clk 0:03:18]} a4 {[%clk 0:00:29]} 30. b4 {[%clk 0:02:59]} Ne6 {[%clk 0:00:31]}
31. cxb5 {[%clk 0:02:54]} cxb5 {[%clk 0:00:27]} 32. Qd3 {[%clk 0:02:17]} Nc4
{[%clk 0:00:23]} 33. Qe4 {[%clk 0:02:08]} Kf7 {[%clk 0:00:14]} 34. Nxe6
{[%clk 0:02:05]} Qxe6 {[%clk 0:00:22]} 35. Qb7+ {[%clk 0:01:55]} Kg8
{[%clk 0:00:17]} 36. Rd7 {[%clk 0:01:54]} Ne5 {[%clk 0:00:19]} 37. Qxc8+
{[%clk 0:01:59]} 1-0

[Event "Turniej Przyjazni Polsko-Wegierskiej"]
[Site "Katowice"]
[Date "2018.05.05"]
[Round "8.17"]
[White "Masternak, Aleksander"]
[Black "Zylka, Stanislaw"]
[Result "0-1"]
[BlackElo "2180"]
[WhiteElo "2017"]
[LiveChessVersion "1.4.8"]

1. d4 {[%clk 0:15:17]} Nf6 {[%clk 0:15:18]} 2. Nf3 {[%clk 0:15:24]} d5
{[%clk 0:15:26]} 3. c4 {[%clk 0:15:26]} e6 {[%clk 0:15:31]} 4. Nc3
{[%clk 0:15:31]} Bb4 {[%clk 0:15:39]} 5. Qa4+ {[%clk 0:14:19]} Nc6
{[%clk 0:15:46]} 6. Bg5 {[%clk 0:14:07]} h6 {[%clk 0:14:10]} 7. Bh4
{[%clk 0:13:43]} g5 {[%clk 0:12:58]} 8. Bg3 {[%clk 0:13:51]} Ne4 {[%clk 0:13:00]}
9. Rc1 {[%clk 0:12:32]} h5 {[%clk 0:11:56]} 10. cxd5 {[%clk 0:09:51]} exd5
{[%clk 0:11:48]} 11. Ne5 {[%clk 0:09:32]} Bxc3+ {[%clk 0:10:33]} 12. bxc3
{[%clk 0:09:31]} Qf6 {[%clk 0:05:54]} 13. Nxc6 {[%clk 0:06:33]} bxc6
{[%clk 0:05:46]} 14. f3 {[%clk 0:03:45]} Nxg3 {[%clk 0:05:55]} 15. hxg3
{[%clk 0:03:53]} Qd6 {[%clk 0:06:03]} 16. g4 {[%clk 0:03:13]} h4 {[%clk 0:06:12]}
17. e3 {[%clk 0:02:27]} O-O {[%clk 0:05:48]} 18. Bd3 {[%clk 0:01:57]} Re8
{[%clk 0:05:57]} 19. Kd2 {[%clk 0:01:27]} Qg3 {[%clk 0:05:27]} 20. Rhe1
{[%clk 0:01:11]} Qxg2+ {[%clk 0:03:58]} 21. Re2 {[%clk 0:01:19]} Qxf3
{[%clk 0:04:05]} 22. Qxc6 {[%clk 0:00:50]} Be6 {[%clk 0:04:14]} 23. Qxc7
{[%clk 0:00:37]} Rac8 {[%clk 0:03:17]} 24. Qe5 {[%clk 0:00:42]} f6
{[%clk 0:03:20]} 25. Qh2 {[%clk 0:00:36]} Bxg4 {[%clk 0:02:48]} 26. Rg1
{[%clk 0:00:25]} Re6 {[%clk 0:01:18]} 27. Qf2 {[%clk 0:00:22]} Rce8
{[%clk 0:00:46]} 28. Qxf3 {[%clk 0:00:19]} Bxf3 {[%clk 0:00:55]} 29. Ree1
{[%clk 0:00:28]} Be4 {[%clk 0:00:58]} 30. Bxe4 {[%clk 0:00:30]} Rxe4
{[%clk 0:01:06]} 31. Kd3 {[%clk 0:00:37]} Kg7 {[%clk 0:01:14]} 32. Rg2
{[%clk 0:00:38]} g4 {[%clk 0:01:15]} 33. c4 {[%clk 0:00:29]} dxc4+
{[%clk 0:01:19]} 34. Kxc4 {[%clk 0:00:38]} f5 {[%clk 0:01:23]} 35. Kd3
{[%clk 0:00:35]} Kg6 {[%clk 0:01:27]} 36. Rb2 {[%clk 0:00:27]} h3
{[%clk 0:01:33]} 0-1

[Event "Turniej Przyjazni Polsko-Wegierskiej"]
[Site "Katowice"]
[Date "2018.05.05"]
[Round "8.18"]
[White "Marczak, Szymon"]
[Black "Flis, Jacek"]
[Result "1/2-1/2"]
[BlackElo "2164"]
[WhiteElo "1687"]
[LiveChessVersion "1.4.8"]

1. e4 {[%clk 0:15:19]} c5 {[%clk 0:15:18]} 2. Nf3 {[%clk 0:15:27]} e6
{[%clk 0:15:22]} 3. d4 {[%clk 0:15:35]} cxd4 {[%clk 0:15:28]} 4. Nxd4
{[%clk 0:15:43]} Nc6 {[%clk 0:15:37]} 5. Nc3 {[%clk 0:15:43]} Qc7
{[%clk 0:15:40]} 6. Be2 {[%clk 0:15:45]} a6 {[%clk 0:15:45]} 7. O-O
{[%clk 0:15:47]} Nf6 {[%clk 0:15:42]} 8. Be3 {[%clk 0:15:51]} Bb4
{[%clk 0:15:30]} 9. f3 {[%clk 0:13:41]} O-O {[%clk 0:12:58]} 10. a3
{[%clk 0:12:15]} Bxc3 {[%clk 0:11:44]} 11. bxc3 {[%clk 0:12:24]} d5
{[%clk 0:11:51]} 12. Nxc6 {[%clk 0:09:46]} bxc6 {[%clk 0:10:48]} 13. Bg5
{[%clk 0:08:53]} dxe4 {[%clk 0:07:59]} 14. Bxf6 {[%clk 0:08:44]} gxf6
{[%clk 0:06:59]} 15. fxe4 {[%clk 0:08:39]} Qe5 {[%clk 0:06:56]} 16. Qd4
{[%clk 0:08:21]} Kg7 {[%clk 0:02:22]} 17. Rab1 {[%clk 0:07:21]} Qxd4+
{[%clk 0:01:31]} 18. cxd4 {[%clk 0:07:30]} Rd8 {[%clk 0:01:29]} 19. c3
{[%clk 0:06:39]} a5 {[%clk 0:00:37]} 20. Kf2 {[%clk 0:06:42]} Ba6
{[%clk 0:00:35]} 21. Rb6 {[%clk 0:06:00]} Bxe2 {[%clk 0:00:43]} 22. Kxe2
{[%clk 0:06:07]} Rac8 {[%clk 0:00:45]} 23. Rd1 {[%clk 0:05:44]} f5
{[%clk 0:00:40]} 24. exf5 {[%clk 0:05:24]} exf5 {[%clk 0:00:47]} 25. Ra6
{[%clk 0:05:08]} Re8+ {[%clk 0:00:14]} 26. Kd3 {[%clk 0:04:07]} c5
{[%clk 0:00:16]} 27. Rxa5 {[%clk 0:03:14]} cxd4 {[%clk 0:00:18]} 28. cxd4
{[%clk 0:03:19]} Rb8 {[%clk 0:00:17]} 29. Rc5 {[%clk 0:03:01]} Ra8
{[%clk 0:00:15]} 30. Rc3 {[%clk 0:03:05]} Re4 {[%clk 0:00:23]} 31. Rf1
{[%clk 0:02:21]} Ra4 {[%clk 0:00:25]} 32. Rxf5 {[%clk 0:01:12]} Raxd4+ 33. Kc2
Re2+ 1/2-1/2

[Event "Turniej Przyjazni Polsko-Wegierskiej"]
[Site "Katowice"]
[Date "2018.05.05"]
[Round "8.19"]
[White "Cieslar, Michal"]
[Black "Kubicka, Anna"]
[Result "1-0"]
[BlackElo "2058"]
[WhiteElo "2153"]
[LiveChessVersion "1.4.8"]

1. e4 {[%clk 0:15:18]} c5 {[%clk 0:15:16]} 2. c4 {[%clk 0:15:27]} Nc6
{[%clk 0:15:20]} 3. Nc3 g6 {[%clk 0:15:20]} 4. g3 {[%clk 0:15:45]} Bg7
{[%clk 0:15:29]} 5. Bg2 {[%clk 0:15:54]} d6 {[%clk 0:15:31]} 6. f4
{[%clk 0:16:03]} Nd4 {[%clk 0:14:16]} 7. d3 {[%clk 0:16:05]} e5 {[%clk 0:14:13]}
8. Nf3 {[%clk 0:16:08]} Ne7 {[%clk 0:13:59]} 9. O-O {[%clk 0:15:35]} O-O
{[%clk 0:14:01]} 10. Be3 {[%clk 0:15:40]} f5 {[%clk 0:12:40]} 11. Qd2
{[%clk 0:15:49]} Rb8 {[%clk 0:12:14]} 12. fxe5 {[%clk 0:15:31]} Nxf3+
{[%clk 0:12:17]} 13. Rxf3 {[%clk 0:15:37]} Bxe5 {[%clk 0:12:24]} 14. Bh6
{[%clk 0:15:46]} Bg7 {[%clk 0:12:26]} 15. Raf1 {[%clk 0:15:51]} Be6
{[%clk 0:11:49]} 16. exf5 {[%clk 0:15:36]} Bxh6 {[%clk 0:10:41]} 17. Qxh6
{[%clk 0:15:17]} Nxf5 {[%clk 0:10:50]} 18. Qd2 {[%clk 0:15:19]} Qf6
{[%clk 0:09:50]} 19. Kh1 {[%clk 0:15:10]} Qd4 {[%clk 0:09:25]} 20. Nb5
{[%clk 0:14:59]} Qg7 {[%clk 0:09:01]} 21. g4 {[%clk 0:14:10]} Nh4
{[%clk 0:07:33]} 22. Rxf8+ {[%clk 0:14:18]} Rxf8 {[%clk 0:07:41]} 23. Qe2
{[%clk 0:12:37]} Rxf1+ {[%clk 0:07:10]} 24. Bxf1 {[%clk 0:12:24]} Qf6
{[%clk 0:06:45]} 25. g5 {[%clk 0:08:30]} Qe7 {[%clk 0:06:14]} 26. Qe4
{[%clk 0:08:33]} Nf5 {[%clk 0:05:46]} 27. Bg2 {[%clk 0:08:38]} a6
{[%clk 0:05:12]} 28. Nc7 {[%clk 0:08:07]} Bf7 {[%clk 0:04:20]} 29. Qxe7
{[%clk 0:08:10]} Nxe7 {[%clk 0:04:29]} 30. Bxb7 {[%clk 0:08:19]} a5
{[%clk 0:04:37]} 31. Kg2 {[%clk 0:07:44]} Nf5 {[%clk 0:04:11]} 32. Kf3
{[%clk 0:07:23]} Nd4+ {[%clk 0:03:48]} 33. Ke4 {[%clk 0:07:25]} Ne2
{[%clk 0:02:38]} 34. Nb5 {[%clk 0:07:04]} Nc1 {[%clk 0:02:26]} 35. a3
{[%clk 0:06:47]} Nb3 {[%clk 0:02:32]} 36. Nxd6 {[%clk 0:06:47]} Nd2+
{[%clk 0:02:41]} 37. Kf4 {[%clk 0:06:50]} Kf8 {[%clk 0:01:17]} 38. Ke5
{[%clk 0:06:26]} Nb3 {[%clk 0:01:06]} 39. Kf6 {[%clk 0:05:36]} Bg8
{[%clk 0:00:55]} 40. Ne4 {[%clk 0:05:33]} Bf7 {[%clk 0:00:42]} 41. Bc6
{[%clk 0:05:38]} Nd4 {[%clk 0:00:43]} 42. Bd5 {[%clk 0:05:36]} Bxd5
{[%clk 0:00:25]} 43. cxd5 {[%clk 0:05:45]} Nb3 {[%clk 0:00:29]} 44. Ke6
{[%clk 0:05:48]} Ke8 {[%clk 0:00:38]} 45. d6 {[%clk 0:05:52]} Nd4+
{[%clk 0:00:42]} 46. Kd5 {[%clk 0:06:00]} Nf3 {[%clk 0:00:43]} 47. Kc6
{[%clk 0:05:48]} Kd8 {[%clk 0:00:45]} 48. Kxc5 {[%clk 0:05:38]} Nxh2
{[%clk 0:00:44]} 49. Kb5 {[%clk 0:05:33]} Nf3 {[%clk 0:00:53]} 50. Kxa5
{[%clk 0:05:41]} Ne5 {[%clk 0:01:01]} 51. Kb6 {[%clk 0:05:36]} Nxd3
{[%clk 0:01:08]} 52. b4 {[%clk 0:05:30]} Ne5 {[%clk 0:01:15]} 53. a4
{[%clk 0:05:34]} Kd7 {[%clk 0:01:21]} 54. a5 {[%clk 0:05:37]} Nc4+
{[%clk 0:01:18]} 55. Kc5 {[%clk 0:05:44]} 1-0

[Event "Turniej Przyjazni Polsko-Wegierskiej"]
[Site "Katowice"]
[Date "2018.05.05"]
[Round "8.20"]
[White "Swayams, Mishra"]
[Black "Szwaj, Jacek"]
[Result "1-0"]
[BlackElo "1909"]
[WhiteElo "2518"]
[LiveChessVersion "1.4.8"]

1. d4 {[%clk 0:15:09]} d5 {[%clk 0:15:17]} 2. Nf3 {[%clk 0:15:17]} Nf6
{[%clk 0:15:20]} 3. Bf4 {[%clk 0:15:26]} e6 {[%clk 0:15:21]} 4. e3
{[%clk 0:15:34]} Be7 {[%clk 0:15:14]} 5. Nbd2 {[%clk 0:15:34]} Nh5
{[%clk 0:14:45]} 6. Bg3 {[%clk 0:15:40]} Nxg3 {[%clk 0:14:54]} 7. hxg3
{[%clk 0:15:49]} Nd7 {[%clk 0:14:50]} 8. Bd3 {[%clk 0:15:57]} h6 {[%clk 0:14:54]}
9. g4 {[%clk 0:16:02]} c5 {[%clk 0:14:48]} 10. c3 {[%clk 0:16:11]} Bf6
{[%clk 0:13:22]} 11. Nf1 {[%clk 0:16:06]} Qe7 {[%clk 0:13:23]} 12. Ng3
{[%clk 0:16:10]} cxd4 {[%clk 0:13:18]} 13. exd4 {[%clk 0:16:15]} e5
{[%clk 0:12:21]} 14. Nf5 {[%clk 0:16:18]} Qe6 {[%clk 0:12:24]} 15. dxe5
{[%clk 0:14:51]} Nxe5 {[%clk 0:11:50]} 16. Bb5+ {[%clk 0:14:46]} Bd7
{[%clk 0:11:19]} 17. Bxd7+ {[%clk 0:14:51]} Nxd7+ {[%clk 0:11:11]} 18. Qe2
{[%clk 0:14:58]} O-O {[%clk 0:10:52]} 19. Ne3 {[%clk 0:14:08]} Rac8
{[%clk 0:09:45]} 20. O-O {[%clk 0:14:13]} Nc5 {[%clk 0:07:50]} 21. Rad1
{[%clk 0:14:06]} Rfd8 {[%clk 0:07:43]} 22. Rfe1 {[%clk 0:13:52]} Qc6
{[%clk 0:07:16]} 23. Nf5 {[%clk 0:13:27]} Ne6 {[%clk 0:06:48]} 24. Ne5
{[%clk 0:13:25]} Qc7 {[%clk 0:06:47]} 25. Nxf7 {[%clk 0:11:46]} Qxf7
{[%clk 0:05:34]} 26. Qxe6 {[%clk 0:11:52]} d4 {[%clk 0:04:19]} 27. cxd4
{[%clk 0:09:25]} Qxe6 {[%clk 0:03:46]} 28. Rxe6 {[%clk 0:09:33]} Kf7
{[%clk 0:03:55]} 29. Re2 {[%clk 0:09:36]} g6 {[%clk 0:03:45]} 30. Nxh6+
{[%clk 0:09:40]} Kg7 {[%clk 0:03:53]} 31. g5 {[%clk 0:09:48]} Bxg5
{[%clk 0:02:59]} 32. Ng4 {[%clk 0:09:57]} Rc4 {[%clk 0:02:40]} 33. Re5
{[%clk 0:09:47]} Rc1 {[%clk 0:01:12]} 34. Rxc1 {[%clk 0:09:50]} Bxc1
{[%clk 0:01:21]} 35. Re7+ {[%clk 0:09:58]} Kf8 {[%clk 0:01:27]} 36. Rxb7
{[%clk 0:09:59]} Rxd4 {[%clk 0:01:35]} 37. Ne3 {[%clk 0:09:43]} a5
{[%clk 0:00:51]} 38. b3 {[%clk 0:08:54]} a4 {[%clk 0:00:19]} 39. Nc4
{[%clk 0:08:55]} axb3 {[%clk 0:00:21]} 40. axb3 {[%clk 0:09:04]} Rd3
{[%clk 0:00:16]} 41. g3 {[%clk 0:09:07]} Bg5 {[%clk 0:00:11]} 42. Kg2
{[%clk 0:09:14]} Rc3 {[%clk 0:00:20]} 43. Ne5 {[%clk 0:09:16]} Rc2
{[%clk 0:00:21]} 44. Nxg6+ {[%clk 0:09:24]} Ke8 {[%clk 0:00:30]} 45. Ne5
{[%clk 0:09:20]} Be3 {[%clk 0:00:33]} 46. Ng4 {[%clk 0:09:25]} 1-0